[Event "Subotica Autumn op"]
[Site "Subotica"]
[Date "2011.12.14"]
[Round "7"]
[White "Fatyol, Istvan"]
[Black "Scepanovic, Labud"]
[Result "0-1"]
[WhiteElo "1917"]
[BlackElo "2198"]
[PlyCount "38"]
[EventDate "2011.12.03"]
[EventType "swiss"]
[EventRounds "9"]
[EventCountry "SRB"]
[SourceTitle "CBM 145 Extra"]
[Source "ChessBase"]
[SourceDate "2012.01.03"]
[SourceVersion "1"]
[SourceVersionDate "2012.01.03"]
[SourceQuality "1"]

1. e4 d6 2. d4 Nf6 3. Bd3 e5 4. Nf3 Bg4 5. c3 Be7 6. 0-0 Nbd7 7. Be3 0-0 8. Nbd2 c6 9. Rc1 d5 10. Qc2 dxe4 11. Bxe4 Nxe4 12. Nxe4 Bxf3 13. gxf3 f5 14. Nc5 Bxc5 15. dxc5 f4 16. Bd2 Nxc5 17. b4 Ne6 18. Rce1 Ng5 19. Qd1 Qxd2 0-1